L'auca del senyor Esteve / (Record no. 136401)
[ view plain ]
| 000 -LEADER | |
|---|---|
| campo de control de longitud fija | 00659nam a2200193 4500 |
| 001 - NÚMERO DE CONTROL | |
| campo de control | 136401 |
| 003 - IDENTIFICADOR DE NÚMERO DE CONTROL | |
| campo de control | ES-MaACL |
| 005 - FECHA Y HORA DE LA ÚLTIMA TRANSACCIÓN | |
| campo de control | 20250627063646.0 |
| 007 - CAMPO FIJO DE DESCRIPCIÓN FÍSICA--INFORMACIÓN GENERAL | |
| campo de control de longitud fija | t| |
| 008 - DATOS DE LONGITUD FIJA--INFORMACIÓN GENERAL | |
| campo de control de longitud fija | 070214s1946 sp r ||||1| cat d |
| 100 1# - ENTRADA PRINCIPAL--NOMBRE DE PERSONA | |
| Nombre de persona | Rusiñol, Santiago, |
| Fechas asociadas al nombre | 1861-1931 |
| 9 (RLIN) | 241043 |
| 245 12 - MENCIÓN DEL TÍTULO | |
| Título | L'auca del senyor Esteve / |
| Mención de responsabilidad, etc. | Santiago Rusiñol ; ab redolins dibuixants per en Ramon Casas y escrits per en Gabriel Alomar. |
| 260 ## - PUBLICACIÓN, DISTRIBUCIÓN, ETC. | |
| Lugar de publicación, distribución, etc. | Barcelona : |
| Nombre del editor, distribuidor, etc. | Surco, |
| Fecha de publicación, distribución, etc. | 1946. |
| 300 ## - DESCRIPCIÓN FÍSICA | |
| Extensión | 231 p. : |
| Otras características físicas | il. ; |
| Dimensiones | 20 cm + |
| Material acompañante/anejo | 1 lám. col. pleg. |
| 700 1# - ENTRADA AGREGADA--NOMBRE PERSONAL | |
| Nombre de persona | Casas, Ramón. |
| 9 (RLIN) | 36209 |
| 700 1# - ENTRADA AGREGADA--NOMBRE PERSONAL | |
| Nombre de persona | Alomar, Gabriel. |
| 9 (RLIN) | 20175 |
| 852 ## - LOCALIZACIÓN | |
| Ubicación | ES-MaACL |
| Número de control de estantería | C-4131 |
| Sublocalización o colección | R.23045 |
| Estatus retirado | Estado de pérdida | Estado de daño | No para préstamo | Biblioteca de origen | Biblioteca actual | Ubicación en estantería | Fecha de adquisición | Fuente de adquisición | Total de préstamos | Signatura topográfica completa | Código de barras | Visto por última vez | Precio de reemplazo | Tipo de ítem Koha |
|---|---|---|---|---|---|---|---|---|---|---|---|---|---|---|
| Biblioteca del Ateneo de Madrid | Biblioteca del Ateneo de Madrid | Sala Palomar | 17/01/2008 | C-4131 | 1141958 | 23/02/2023 | 23/02/2023 | Libro impreso |
